ბათუმის შოთა რუსთაველის სახელმწიფო უნივერსიტეტის ბიბლიოთეკა

საკონსტიტუციო სამართალწარმოების კანონმდებლობა და პრაქტიკა : (ბიბ.ჩანაწერი № 59460)

000 -ლიდერი
ფიქსირებული სიგრძის საკონტროლო ველი 01045nam a22001697a 4500
003 - საკონტროლო ნომრის იდენტიფიკატორი
საკონტროლო ველი Ge_BSU
005 - ბოლო ოპერაციის თარიღი და დრო
საკონტროლო ველი 20230224110252.0
008 - ფიქსირებული სიგრძის მონაცემთა ელემენტები - ზოგადი ინფორმაცია
ფიქსირებული სიგრძის საკონტროლო ველი 230224s1999 ge ||||| |||| 00| 0 geo d
041 ## - ენის კოდი
Language code of text/sound track or separate title geo
080 ## - უნივერსალური ათობითი კლასიფიკაციის ინდექსი
Universal Decimal Classification number 342.4 ს-19
245 ## - ცნობა სათაურის შესახებ
Title საკონსტიტუციო სამართალწარმოების კანონმდებლობა და პრაქტიკა :
Remainder of title სამართლებრივი ოლიმპიადის "ადამიანი და კონსტიტუცია" სახელმძღვ. მასალა /
Statement of responsibility, etc საქ. ახალგ. იურისტთა ასოციაცია ; [სარედ. კოლ.: ირინა მილორავა და სხვ.].
264 ## - წარმოების, გამოცემის, დისტრიბუციის და სხვა ცნობები
გამოცემის, წარმოების, დისტრიბუციის... ადგილი თბილისი,
გამოცემის, წარმოების, დისტრიბუციის... თარიღი 1999.
300 ## - ფიზიკური აღწერა
Extent 320 გვ. ;
Other physical details 20 სმ.
653 ## - INDEX TERM--UNCONTROLLED
Uncontrolled term საკონსტიტუციო სამართალი
700 ## - ADDED ENTRY--PERSONAL NAME
Personal name მილორავა, ირინა
Relator term რედაქტორი
9 (RLIN) 17023
942 ## - ADDED ENTRY ELEMENTS (KOHA)
Source of classification or shelving scheme
Koha item type წიგნი
ეგზემპლარები
ჩამოწერის სტატუსი დაკარგული ეგზემპლარის სტატუსი კლასიფიკაციის წყარო ან თაროზე გაწყობის სქემა დაზიანების სტატუსი არ გაიცემა მუდმივი მდებარეობა (დაცვის ადგილი) ამჟამინდელი ადგილსამყოფელი თაროზე განთავსების ადგილი შეძენის თარიღი ღირებულება, შესყიდვის ნორმალური ფასი სრული შენახვის შიფრი შტრიხკოდი ბოლო ოპერაციის თარიღი ეგზემპლარის მიმდევრობითი ნომერი (კეტერი?) ფასის ძალაში შესვლის თარიღი ეგზემპლარის სახეობა საჯარო შენიშვნა
          ბათუმის შოთა რუსთაველის სახელმწიფო უნივერსიტეტის მთავარი ბიბლიოთეკა ბათუმის შოთა რუსთაველის სახელმწიფო უნივერსიტეტის მთავარი ბიბლიოთეკა წიგნსაცავი 2023-02-24 8.00 342.4 ს-19 63902 2023-02-24 63902 2023-02-24 წიგნი 8 ლ.